Datum a čas kvízu

26 Celkem bodů Celkový počet nahraných bodů na tomto kvízu bez doplňovacích otázek.
11. Pořadí na kvízu Konečné umístění týmu na tomto kvízu.

Zaznamenané odpovědi

# Otázka Odpověď Body Výsledky
1. Odborníci ze Západočeské unive... sršeň (asijská) 0
2. Městská rada v anglickém Cambr... princ Philip 0
3. Na Velký pátek se to v O<sub>2... Judas Priest 0
4. V pondělí oznámila síň Heritag... D) rám dveří, na němž se Rose zachránila 1
5. Kterými slovy na KF se nazývá... kolem Flander 0
6. Věříme, že ovládáte velkou pal... Řecko 1
7. Kterou měnou se platí na ostro... dánskou korunou 0
8. Vyberte zemi, jejíž zkratka ná... C 1
9. V Evropské unii žije momentáln... 1A 2D 3C 4B 1
10. Caerdydd je alternativní název... Cardiff 1